000 00496nam a2200217 454500
001 036957
003 BD-ChCU
008 Eng
020 _a0950957210
040 _aDLC
_cDLC
_dBD-ChCU
082 0 0 _a181.9/I13f
100 1 _aIbn 'Arabi,Muhyiddin
_bx
245 1 0 _aFusus al -hikam
_bx
250 _ax
260 _aOxford
_bMuhyiddin Ibn 'Arabi Society
_c1986
300 _ax
504 _ax
650 0 _aPhilosophy,Islamic
_bPhilosophy,Islamic
700 1 _ax
942 _2ddc
_cBK
999 _c36957
_d36957